| 000 | 00761nam a22002537a 4500 | ||
|---|---|---|---|
| 003 | OSt | ||
| 005 | 20211201015842.0 | ||
| 008 | 160414b xxu||||| |||| 00| 0 eng d | ||
| 010 | _a 80007652 | ||
| 020 |
_a0394492862 : _c$12.95 |
||
| 040 |
_aMMU _cMMU _dMMU _beng |
||
| 050 | 0 | 0 |
_aBQ4022 _b.R67 1980 |
| 082 | 0 | 0 | _a294.3 |
| 100 | 1 |
_aRoss, Nancy Wilson, _d1901-1986. |
|
| 245 | 1 | 0 |
_aBuddhism, a way of life and thought / _cNancy Wilson Ross. |
| 250 | _a1st ed. | ||
| 260 |
_aNew York : _bKnopf : distributed by Random House, _c1980. |
||
| 300 |
_axi, 208 p. : _bill. ; _c25 cm. |
||
| 500 | _aIncludes index. | ||
| 504 | _aBibliography: p. 193-197. | ||
| 650 | 0 | _aBuddhism. | |
| 906 |
_a7 _bcbc _corignew _d1 _eocip _f19 _gy-gencatlg |
||
| 942 |
_2lcc _cLOAN LOAN |
||
| 999 |
_c17008 _d17008 |
||